| 000 | 00505nam a22001457a 4500 | ||
|---|---|---|---|
| 082 | _a200 | ||
| 100 |
_aImtiaz Haroon _9124597 |
||
| 245 |
_aComputationally Efficient Reduced Order Model for Complex Flows/ _cHaroon Imtiaz |
||
| 260 |
_aRawalpindi; _bNUST College of EME; _c2018. |
||
| 300 |
_a145,p; _bill; _c30,cm. |
||
| 650 |
_aPhD- Mechanical Engineering _984150 |
||
| 700 |
_aSupervisor Dr Imran Akhtar _969939 |
||
| 856 | _uhttp://10.250.8.41:8080/xmlui/handle/123456789/34774 | ||
| 942 |
_cSC _2ddc |
||
| 999 |
_c576871 _d576871 |
||